| 000 | 00782cab a2200241 4500 | ||
|---|---|---|---|
| 001 | WB2941-56 | ||
| 008 | 090401t1993 xxu||||| |||| 00| 0 eng d | ||
| 035 | _a(Sirsi) u62859 | ||
| 041 | _aeng | ||
| 245 | _aPrice fixing by solicitors | ||
| 260 | _c1993 | ||
| 350 | _a0 | ||
| 490 |
_aTimes _v30 October 1993, 9 |
||
| 490 |
_aObserver _v31 October 1993, 18(1) |
||
| 520 | _aThe Office of Fair Trading is investigating complaints by members of the public that some solicitors are fixing conveyancing prices at minimum levels. | ||
| 650 | _aCONVEYANCING FEES | ||
| 650 | _aLAW SOCIETY | ||
| 650 | _aRESTRICTIVE TRADE PRACTICES ACT 1971 | ||
| 650 | _aSOLICITORS FEES | ||
| 690 | _aMANAGEMENT-BUSINESS MANAGEMENT-PROFESSIONAL PRACTICE | ||
| 942 | _n0 | ||
| 948 | _c04/03/1997 | ||
| 999 |
_c39045 _d39045 |
||